De la loi du contraste simultané des couleurs, et de l'assartiment des objets colorés ...

Detalles Bibliográficos
Autor principal: CHEREUEL, E.
Formato: Libro
Publicado: París 1839
Materias:
Colección:Banco de datos
Acervo:Biblioteca Nacional de Antropología e Historia. Fondo Conventual
Tema general:Física
Notas:Regular. VI,8,1. Impreso en Estrasburgo por F.G. Levrault.
LEADER 00713nam a22001930004500
035 |a 11544 
036 |a 6149 
100 1 |a CHEREUEL, E. 
245 1 0 |a De la loi du contraste simultané des couleurs, et de l'assartiment des objets colorés ... 
260 |a París  |b Pitois-Levrault y cía.  |c 1839 
500 |a Regular. VI,8,1. Impreso en Estrasburgo por F.G. Levrault. 
650 1 0 |a Física 
949 |a B.N.A.H. 
959 |a Biblioteca Nacional de Antropología e Historia. Ciudad de México  |b CCC1 
960 |a Seminario de Morelia  |b DD56 
961 |a Casa de formación del Clero Secular  |b CS 
942 |c B.N.A.H. 
943 |g Biblioteca Nacional de Antropología e Historia. Fondo Conventual 
999 |c 1036076  |d 1036076